000 00666nam a22001817a 4500
999 _c7175
_d7175
005 20251125232813.0
008 s2527 th tha d
040 _aNALT
041 _atha
050 _aJQ1745 ก1ม8
245 1 0 _aแม่ทัพบวรเดช
260 3 _aกรุงเทพฯ :
_bจิรวรรณนุสรณ์,
_c2527
300 _a149 หน้า
650 0 4 _aไทย -- ประวัติศาสตร์ -- กรุงรัตนโกสินทร์สมัยประชาธิปไตย, 2475
850 _aNALT
856 4 0 _uhttps://hdl.handle.net/20.500.14156/336897
_71
942 _cGB
_2lcc